Catálogo - Centro de Recursos para el Aprendizaje y la Investigación
Volver al Sitio - CRAI Biblioteca| 000 -CABECERA | |
|---|---|
| campo de control de longitud fija | 01408nam a2200241 4500 |
| 001 - NÚMERO DE CONTROL | |
| campo de control | 113973 |
| 003 - IDENTIFICADOR DEL NÚMERO DE CONTROL | |
| campo de control | DR-UNIBE |
| 005 - FECHA Y HORA DE LA ÚLTIMA TRANSACCIÓN | |
| campo de control | 20250729134832.0 |
| 008 - DATOS DE LONGITUD FIJA--INFORMACIÓN GENERAL | |
| campo de control de longitud fija | 250729b1971 sp ||||| |||| 00| 0 spa d |
| 040 ## - FUENTE DE LA CATALOGACIÓN | |
| Centro catalogador/agencia de origen | BIBLIOTECA UNIBE |
| Centro/agencia transcriptor | BIBLIOTECA UNIBE |
| Lengua de catalogación | spa |
| Normas de descripción | rda |
| 041 ## - CÓDIGO DE LENGUA | |
| Código de lengua del texto/banda sonora o título independiente | spa |
| 082 ## - NÚMERO DE LA CLASIFICACIÓN DECIMAL DEWEY | |
| Número de edición | 22 |
| Número de clasificación | 346.07 G241 |
| 100 ## - ENTRADA PRINCIPAL--NOMBRE DE PERSONA | |
| Nombre de persona | Garrigues Díaz-Cañabate, Joaquín, |
| Fechas asociadas al nombre | 1899-1983 |
| 9 (RLIN) | 197947 |
| Término indicativo de función/relación | autor |
| 245 ## - MENCIÓN DE TÍTULO | |
| Título | Hacia un nuevo Derecho Mercantil : |
| Resto del título | escritos, lecciones y conferencias / |
| Mención de responsabilidad, etc. | Joaquín Garrigues |
| 260 ## - PUBLICACIÓN, DISTRIBUCIÓN, ETC. | |
| Lugar de publicación, distribución, etc. | Madrid : |
| Nombre del editor, distribuidor, etc. | Tecnos, |
| Fecha de publicación, distribución, etc. | 1971 |
| 300 ## - DESCRIPCIÓN FÍSICA | |
| Extensión | 352 páginas : |
| Dimensiones | 21 x 13 cm |
| 490 ## - MENCIÓN DE SERIE | |
| Mención de serie | Biblioteca Tecnos de estudios jurídicos |
| 500 ## - NOTA GENERAL | |
| Nota general | Comentario de la obra en la solapa |
| 505 ## - NOTA DE CONTENIDO CON FORMATO | |
| Nota de contenido con formato | Preliminar |<br/>Nuevos hechos, nuevo derecho de la sociedad anónima |<br/>Intermedio epistolar y discurso en el homenaje de la universidad de Madrid a Ortega y Gasset |<br/>Problemas actuales de la sociedad anónima |<br/>La crisis del derecho mercantil contemporáneo |<br/>Discurso de contestación al ser concedido al profesor Garrigues el título de Doctor Honoris Causa por la Universidad de Genova, 10 enero 1966 |<br/>Reto sin respuesta |<br/>La empresa desde el punto de vista jurídico |<br/> Acotaciones de un jurista sobre reforma de la empresa |<br/>Última lección como catedrático pronunciada el día 6 de mayo de 1970 |
| 650 ## - PUNTO DE ACCESO ADICIONAL DE MATERIA--TÉRMINO DE MATERIA | |
| Fuente del encabezamiento o término | lemb |
| Término de materia o nombre geográfico como elemento de entrada | Sociedades anónimas |
| 650 ## - PUNTO DE ACCESO ADICIONAL DE MATERIA--TÉRMINO DE MATERIA | |
| Fuente del encabezamiento o término | lemb |
| Término de materia o nombre geográfico como elemento de entrada | Derecho mercantil |
| 942 ## - ELEMENTOS DE PUNTO DE ACCESO ADICIONAL (KOHA) | |
| Fuente del sistema de clasificación o colocación | Sistema de Clasificación Decimal Dewey |
| Tipo de ítem Koha | Libro (general) |
| Estado de retiro | Estado de pérdida | Fuente del sistema de clasificación o colocación | No para préstamo | Código de colección | Localización permanente | Fecha de adquisición | Total de préstamos | Signatura topográfica completa | Código de barras | Fecha visto por última vez | Número de copia | Precio válido a partir de | Tipo de ítem Koha |
|---|---|---|---|---|---|---|---|---|---|---|---|---|---|
| Disponible | Sistema de Clasificación Decimal Dewey | General | Biblioteca Central UNIBE | 10/06/2025 | 346.07 G241 | 250901 | 29/07/2025 | Ej. 1 | 29/07/2025 | Libro (general) |